000
00316nam a22001217a 4500
008
250218b |||||||| |||| 00| 0 eng d
050
_a
HD1375
_b
.O36
100
_a
O' DONNELL, T. Paul
245
_a
The Selling of Real Estate
260
_a
Philadelphia
_b
W.B Sunders Company
_c
1978
300
_a
vii, 373p.
942
_c
BK
999
_c
1971
_d
1971